Mart for the Pharmacy Technician : Concepts and Calculations
Zapisane w:
| 1. autor: | |
|---|---|
| Format: | Sách |
| Język: | Undetermined |
| Wydane: |
The McGraw-Hill
2010
|
| Hasła przedmiotowe: | |
| Etykiety: |
Dodaj etykietę
Nie ma etykietki, Dołącz pierwszą etykiete!
|
| Thư viện lưu trữ: | Trung tâm Thư viện - Trường Đại học Công nghiệp TP. Hồ Chí Minh |
|---|
| LEADER | 00511nam a2200157Ia 4500 | ||
|---|---|---|---|
| 001 | UIH_06808 | ||
| 008 | 231011s9999 xx 000 0 und d | ||
| 082 | |a 615 | ||
| 100 | |a Egler, Lynn M | ||
| 245 | 0 | |a Mart for the Pharmacy Technician : Concepts and Calculations | |
| 245 | 0 | |c Egler, Lynn M | |
| 260 | |b The McGraw-Hill | ||
| 260 | |c 2010 | ||
| 650 | |a Kỹ thuật viên dược; | ||
| 927 | |a Sách | ||
| 980 | |a Trung tâm Thư viện - Trường Đại học Công nghiệp TP. Hồ Chí Minh | ||